| 000 | 00563nam a22002297a 4500 | ||
|---|---|---|---|
| 003 | OSt | ||
| 005 | 20191120153729.0 | ||
| 008 | 130129t xxu||||| |||| 00| 0 eng d | ||
| 020 | _a9712337707 | ||
| 050 |
_aBF 637.C6 _b.D291 2003 |
||
| 082 |
_aFIL 371.4 _bM59 2003 |
||
| 245 |
_aGuidance and counseling today _cDecal-Mendoza, Elenita |
||
| 260 |
_aManila _bRex Book Store _cc2003 |
||
| 300 |
_a93 p. _c23 cm. |
||
| 526 | _c1210L-1700L | ||
| 562 | _e4 | ||
| 942 |
_2lcc _cBK _kFIL |
||
| 999 |
_c17371 _d17371 |
||